Vybrané aspekty riadenia rizika dlhovekosti bakalárska práca

Salvato in:
Dettagli Bibliografici
Autore principale: Pálešová, Izabela
Ente Autore: Fakulta hospodárskej informatiky EU. Katedra matematiky a aktuárstva
Altri autori: Smažáková, Lenka, 1991-
Natura: Libro
Lingua:slovacco
Pubblicazione: Bratislava 2023
Tags: Aggiungi Tag
Nessun Tag, puoi essere il primo ad aggiungerne!!

MARC

LEADER 00000nbm a2200000 4500
001 0295127
005 20240229090051.5
041 0 |a slo 
044 |a SK 
245 1 0 |a Vybrané aspekty riadenia rizika dlhovekosti  |b bakalárska práca  |c Izabela Pálešová ; školiteľ: Lenka Smažáková 
264 1 |a Bratislava  |c 2023 
300 |a 47 s. 
100 1 |a Pálešová, Izabela 
700 1 |a Smažáková, Lenka, 1991- 
710 2 |a Fakulta hospodárskej informatiky EU. Katedra matematiky a aktuárstva